Vista normal Vista MARC

Entrada Topical Term

Número de registros utilizados en: 1

001 - CONTROL NUMBER

  • control field: 43281

003 - CONTROL NUMBER IDENTIFIER

  • control field: OSt

005 - DATE AND TIME OF LATEST TRANSACTION

  • control field: 20240208175325.0

008 - FIXED-LENGTH DATA ELEMENTS

  • fixed length control field: 240208|| aca||aabn | a|a d

040 ## - CATALOGING SOURCE

  • Original cataloging agency: OSt
  • Transcribing agency: OSt

150 ## - HEADING--TOPICAL TERM

  • Topical term or geographic name entry element: Leyes espirituales
  • General subdivision: exito

670 ## - SOURCE DATA FOUND

  • Source citation: Work cat.: (OSt)30532: Chopra, Gautama autor 43278, El niño del alba:, 1996